UBT Library

Growing up in medieval London : (Record no. 43969)

000 -LEADER
fixed length control field 00801cam a2200241 a 4500
001 - CONTROL NUMBER
control field 4871164
005 - DATE AND TIME OF LATEST TRANSACTION
control field 20180302042333.0
008 - FIXED-LENGTH DATA ELEMENTS--GENERAL INFORMATION
fixed length control field 921215s1993 nyua b 001 0 eng
010 ## - LIBRARY OF CONGRESS CONTROL NUMBER
LC control number 92045682
020 ## - INTERNATIONAL STANDARD BOOK NUMBER
International Standard Book Number 0195084055 :
Terms of availability $27.50
040 ## - CATALOGING SOURCE
Original cataloging agency DLC
Transcribing agency DLC
Modifying agency DLC
041 ## - LANGUAGE CODE
Language code of text/sound track or separate title eng
043 ## - GEOGRAPHIC AREA CODE
Geographic area code e-uk-en
080 ## - UNIVERSAL DECIMAL CLASSIFICATION NUMBER
Universal Decimal Classification number 305.2309
082 00 - DEWEY DECIMAL CLASSIFICATION NUMBER
Classification number 305.2309 HAN
Edition number 20
100 1# - Rafti
Rafti 50
101 ## - Shkurtesa
Shkurtesa SOC
245 10 - TITLE STATEMENT
Title Growing up in medieval London :
Statement of responsibility, etc Barbara A. Hanawalt.
504 ## - BIBLIOGRAPHY, ETC. NOTE
Bibliography, etc Includes bibliographical references (p. [267]-279) and index.
906 ## - LOCAL DATA ELEMENT F, LDF (RLIN)
a 7
b cbc
c orignew
d 1
e ocip
f 19
g y-gencatlg
942 ## - ADDED ENTRY ELEMENTS (KOHA)
Source of classification or shelving scheme
Item type Books
Holdings
Withdrawn status Lost status Source of classification or shelving scheme Damaged status Not for loan Collection code Permanent location Current location Shelving location Date acquired Total Checkouts Full call number Barcode Date last seen Price effective from Koha item type
          Koleksioni i përgjithshem UBT - Lipjan UBT - Lipjan Koleksioni i përgjithshem 03/02/2018   305.2309 HAN 002-3000782 03/02/2018 03/02/2018 Books
UBT Library © 2015-2024. All rights reserved University Education for Business and Technology